Jasný měsíc

Hlavní autor: Novikov, Anatolij Grigor'jevič, 1896-1984
Další autoři: Ledečová, Dagmar, 1925-, Taraščenko, A.
Jazyk: Čeština
Vydáno: [Česko : Ústřední dům lidové tvořivosti, 1961]
Fyzický popis: 1 sv. (nestránkován)
Hudebniny Hudebniny
Uloženo v:
LEADER 00925ncm a22002532a 4500
001 001078550
003 CZ BrMZK
005 20100921081829.0
007 qu
008 091208s1961 xr |||||||||||||||||cze d
040 |a BOA001  |b cze 
072 7 |a 784  |x Vokální hudba  |2 Konspekt  |9 9 
100 1 |a Novikov, Anatolij Grigor'jevič,  |d 1896-1984  |7 kup20000000071221  |4 cmp 
245 1 0 |a Jasný měsíc  |h [hudebnina] /  |c Anatolij Grigor'jevič Novikov ; text A. Taraščenko ; český text D. Ledečková 
260 |a [Česko :  |b Ústřední dům lidové tvořivosti,  |c 1961] 
300 |a 1 sv. (nestránkován) 
500 |a Sborová partitura 
500 |a Rozmnoženo 
700 1 |a Ledečová, Dagmar,  |d 1925-  |7 jn19990209474  |4 lyr 
700 1 |a Taraščenko, A.  |4 lyr 
910 |a BOA001  |b Mus2-0465.268 
990 |a MU 
991 |b 200912 
996 6 |b 2619437275  |c Mus2-0465.268  |l MZK  |r Sklad / do 1 hodiny  |n 0  |w 001100261  |u 000010  |a 1  |e BOA001  |j MZK50  |s P